ARRUPE JESUIT UNIVERSITY

CORONAVIRUS -STOP THE SPREAD - CLEAN,DISINFECT,COVER

Desertion / (Record no. 131290)

MARC details
000 -LEADER
fixed length control field 01127cam a2200337 a 4500
001 - CONTROL NUMBER
control field 13775215
003 - CONTROL NUMBER IDENTIFIER
control field ARRUPE
005 - DATE AND TIME OF LATEST TRANSACTION
control field 20220411085736.0
008 - FIXED-LENGTH DATA ELEMENTS--GENERAL INFORMATION
fixed length control field 041108s2005 nyu 000 1 eng
010 ## - LIBRARY OF CONGRESS CONTROL NUMBER
LC control number 2004061405
020 ## - INTERNATIONAL STANDARD BOOK NUMBER
International Standard Book Number 139780747578376
040 ## - CATALOGING SOURCE
Original cataloging agency DLC
Transcribing agency DLC
Modifying agency DLC
043 ## - GEOGRAPHIC AREA CODE
Geographic area code f-ke---
-- f-tz---
050 00 - LIBRARY OF CONGRESS CALL NUMBER
Classification number PR9399.9.G87
Item number D47 2005
082 00 - DEWEY DECIMAL CLASSIFICATION NUMBER
Classification number 823/.914
Edition number 22
300 ## - PHYSICAL DESCRIPTION
Dimensions 22 cm.
100 1# - MAIN ENTRY--PERSONAL NAME
Personal name Gurnah, Abdulrazak,
Dates associated with a name 1948-
9 (RLIN) 51290
245 10 - TITLE STATEMENT
Title Desertion /
Statement of responsibility, etc Abdulrazak Gurnah.
250 ## - EDITION STATEMENT
Edition statement 1st American ed.
260 ## - PUBLICATION, DISTRIBUTION, ETC. (IMPRINT)
Place of publication, distribution, etc London:
Name of publisher, distributor, etc Bloomsbury,
Date of publication, distribution, etc c2005.
300 ## - PHYSICAL DESCRIPTION
Extent 262 p. ;
650 #0 - SUBJECT ADDED ENTRY--TOPICAL TERM
Topical term or geographic name as entry element British
Geographic subdivision Kenya
Form subdivision Fiction.
9 (RLIN) 51293
650 #0 - SUBJECT ADDED ENTRY--TOPICAL TERM
Topical term or geographic name as entry element Travel writers
Form subdivision Fiction.
9 (RLIN) 51294
650 #0 - SUBJECT ADDED ENTRY--TOPICAL TERM
Topical term or geographic name as entry element Africanists
Form subdivision Fiction.
9 (RLIN) 51295
651 #0 - SUBJECT ADDED ENTRY--GEOGRAPHIC NAME
Geographic name Zanzibar
Form subdivision Fiction.
9 (RLIN) 51296
651 #0 - SUBJECT ADDED ENTRY--GEOGRAPHIC NAME
Geographic name Kenya
Form subdivision Fiction.
9 (RLIN) 601
655 #7 - INDEX TERM--GENRE/FORM
Genre/form data or focus term Historical fiction.
Source of term gsafd
655 #7 - INDEX TERM--GENRE/FORM
Genre/form data or focus term Love stories.
Source of term gsafd
906 ## - LOCAL DATA ELEMENT F, LDF (RLIN)
a 7
b cbc
c orignew
d 1
e ocip
f 20
g y-gencatlg
942 ## - ADDED ENTRY ELEMENTS (KOHA)
Source of classification or shelving scheme Library of Congress Classification
Koha item type Monograph ( Printed materials)
Holdings
Withdrawn status Lost status Source of classification or shelving scheme Damaged status Not for loan Home library Current library Date acquired Total Checkouts Full call number Barcode Date last seen Date checked out Price effective from Koha item type
    Library of Congress Classification     ARRUPE LIBRARY ARRUPE LIBRARY 11/04/2022 1 PR9399.9.G87 D47 2005 46600006345 26/05/2022 20/04/2022 11/04/2022 Monograph ( Printed materials)

 

Arrupe Library. PO Box MP320 Mt Pleasant, Harare, Zimbabwe
263 242 745411|librarian@aju.ac.zw